000 00873nam a22002417a 4500
001 6748
003 FISKH
005 20250526094815.0
008 250523b cb ||||| |||| 00| 0 eng d
020 _a9782013211659
040 _aFISKH
_bFrench
_cFISKH
_dFISKH
050 _aPR6005.H66 E9
082 _a823.912
100 _aChristie, Agatha
245 _aLes vacances d'Hercule Poirot /
_cBy Agatha Christie
260 _aParis :
_bHachette Jeunesse,
_c2005.
300 _a314 pages :
_billustrations ;
_c18 cm .
490 _aHercule Poirot (22)
520 _aUne touriste fortunée, Arlena Marshall, est retrouvée étranglée sur la plage d'une petite île. Hercule Poirot va avoir besoin de tout son sens psychologique et de tout son esprit déductif pour désigner le meurtrier
650 _aHercule Poirot
_vFiction
942 _2ddc
_cBK
_n0
999 _c6748
_d6748